• 首页
  • 本馆介绍
  • 公告通知
  • 最新文献
  • 馆藏检索
  • 电子资源
  • 读者导购
  • 参考咨询
  • 我的图书馆
  • 登录
  • 详细信息显示
  • 放入我的书架
  • 预约/预借图书
  • 作者相关作品
  • 分类相关作品
  • 丛书相关作品
  • 出版社相关作品

书目信息

  • 表格格式
  • 工作单格式
  • 卡片格式
题名:
如何养好你的鱼
    
 
作者: 城市渔夫 编著
分册:  
出版信息: 北京   当代世界出版社  2005
页数: 173页
开本: 21cm
丛书名:
单 册:
中图分类: S965.8
科图分类:
主题词: 观赏鱼类--鱼类养殖 , 鱼类养殖
电子资源:
ISBN: 7-80115-865-2
000 00758nam0 2200253 45
001 0900000034292
005 20060105090445.40
010    @a7-80115-865-2@dCNY36.00
092    @aCN
100    @a20050620d2005 ekmy0chiy0120 ea
101 0  @achi
102    @aCN@b110000
105    @aa z 000yy
200 1  @a如何养好你的鱼@9ru he yang hao ni de yu@f城市渔夫编著@Fcheng shi yu fu bian zhu
210    @a北京@c当代世界出版社@d2005
215    @a173页@c图,照片@d21cm
330    @a本书介绍了金鱼,锦鲤,热带观赏鱼,海水鱼,中国原生鱼等的饲养。
606 0  @a观赏鱼类@x鱼类养殖
606 0  @a鱼类养殖
690    @aS965.8@v4
701  0 @a城市渔夫@Acheng shi yu fu@4编著
801  0 @aCN@bCXYBOOK@c20060105
905    @a10447@dS965.8@e11
999    @aAFJ@eJDD
    
    如何养好你的鱼/城市渔夫编著.-北京:当代世界出版社,2005
    173页:图,照片;21cm
    
    
    ISBN 7-80115-865-2:CNY36.00
    本书介绍了金鱼,锦鲤,热带观赏鱼,海水鱼,中国原生鱼等的饲养。
●
相关链接 在E读中查询图书 在五车中查询图书 在当当中查询图书 在豆瓣中查询图书


正题名:如何养好你的鱼     索取号:S965.8/11         预约/预借

序号 登录号 条形码 馆藏地/架位号 状态 备注
1 0373719   203737199   第二样本阅览室/ [索取号:S965.8/11] 在馆    
2 0373720   203737206   第三借阅区/ [索取号:S965.8/11] 在馆    
3 0373721   203737215   第三借阅区/ [索取号:S965.8/11] 在馆    
4 0373722   203737224   第三借阅区/ [索取号:S965.8/11] 在馆    
5 0373723   203737233   第三借阅区/ [索取号:S965.8/11] 在馆    
唐山师范学院图书馆 欢迎您!
大连网信软件有限公司© 版权所有